Moto2 2026 Riders - Statistics

General Stats
  • This quiz has been taken 27 times
  • The average score is 23 of 28
Answer Stats
Team Nationality Rider % Correct
QJMOTOR - FRINSA - MSI Spanish Angel Piqueras
100%
REDS Fantic Racing Belgian Barry Baltus
100%
CFMOTO Aspar Team Spanish Daniel Holgado
100%
CFMOTO Aspar Team Colombian David Alonso
100%
ELF Marc VDS Racing Team Turkish Deniz Õncü
100%
OnlyFans American Racing Team Czech Filip Salac
100%
BLU CRU Pramac Yamaha Moto2 Spanish Izan Guevara
100%
OnlyFans American Racing Team American Joe Roberts
100%
Liqui Moly Dynavolt Intact GP Spanish Manuel Gonzalez
100%
ELF Marc VDS Racing Team Spanish Aron Canet
92%
Red Bull KTM Ajo Dutch Collin Veijer
92%
Red Bull KTM Ajo Spanish Jose Antonio Rueda
92%
Liqui Moly Dynavolt Intact GP Australian Senna Agius
92%
REDS Fantic Racing Italian Tony Arbolino
92%
ITALJET Gresini Moto2 Spanish Alonso Lopez
85%
SpeedRS Team Italian Celestino Vietti
85%
ITALJET Gresini Moto2 Spanish Sergio Garcia
85%
Forward Factory Team Spanish Alex Escrig
77%
Momoven Idrofoglia RW Racing Team Japanese Ayumu Sasaki
77%
Italtrans Racing Team Spanish Daniel Muñoz
69%
QJMOTOR - FRINSA - MSI Spanish Ivan Ortola
69%
Forward Factory Team Spanish Jorge Navarro
69%
SpeedRS Team Italian Luca Lunetta
69%
Idemitsu Honda Team Asia Indonesian Mario Aji
69%
Idemitsu Honda Team Asia Japanese Taiyo Furusato
69%
Momoven Idrofoglia RW Racing Team Dutch Zonta Van Den Goorbergh
69%
Italtrans Racing Team Spanish Adrian Huertas
46%
BLU CRU Pramac Yamaha Moto2 Spanish Alberto Ferrandez
38%
No matching quizzes found
Score Distribution
Percent of People with Each Score
Percentile by Number Answered
Your Score History
You have not taken this quiz